| 000 | 00456nam a2200181Ia 4500 | ||
|---|---|---|---|
| 001 | 9253 | ||
| 005 | 20260306160710.0 | ||
| 008 | 260306t2008||||xx |||||||||||||| ||spa|| | ||
| 041 | _aESP | ||
| 082 |
_a378.002 _bU61 2006 |
||
| 100 |
_aUniversidad Nacional Hermilio Valdizan _eAUT |
||
| 245 | 0 | _aResúmenes de tesis de pre grado 2006 | |
| 260 | _c2008 | ||
| 300 |
_a132 páginas : _c21cm. |
||
| 650 | _aGEN | ||
| 654 | _aCED | ||
| 942 |
_cLIB _dJUS _fJUS _2ddc _n |
||
| 999 |
_c9253 _d9253 |
||